| 000 | 00626cam a2200205 4500 | ||
|---|---|---|---|
| 001 | B3337 | ||
| 008 | 090401t1990 xxu||||| |||| 00| 0 eng d | ||
| 035 | _a(Sirsi) u55434 | ||
| 041 | _aeng | ||
| 050 | _a692.8 | ||
| 110 |
_aJoint Contracts Tribunal _93664 |
||
| 245 | _aStandard form of building contract 1980 edition ... amendment 9 and guidance notes issued July 1990 | ||
| 260 |
_aLondon _bRIBA Publications Ltd _c1990 |
||
| 300 | _a8p. ; 30cm. | ||
| 350 | _a0.4 | ||
| 520 | _aCopies of original contracts filed at JCT 1980/2-7. | ||
| 650 | _aJCT STANDARD FORM OF CONTRACT 1980 | ||
| 942 | _n0 | ||
| 948 | _c04/03/1997 | ||
| 999 |
_c93608 _d93608 |
||